000 00300 a2200145 4500
001 155107
040 _cEscola São Tomás de Aquino
100 _aCAMPBELL, Colin
240 1 0 _aAchieve 1
_lpor
245 1 0 _aAchieve 1
300 _a84
362 0 _a201
697 _aLíngua inglesa
942 _cBK
999 _c155107
_d155107